000 00489nam a2200181Ia 4500
005 20250317123434.0
008 008 250317s9999 xx 000 0 eng d
037 _aTextbook
040 _aFMSL
_beng
_cFMSL
041 _aeng
_2eng
084 _aB28 L3
_qFMSL
100 _aCaulcott E
_9735385
245 0 _aSignificance tests
260 _aLondon
_bLondon, Rutledge Kegan Paul
_c1973
300 _a145p
942 _cTB
_hB28 L3
999 _c1251252
_d1251252